| 000 | 00510nam a22001697a 4500 | ||
|---|---|---|---|
| 005 | 20231107064945.0 | ||
| 008 | 231107b |||||||| |||| 00| 0 eng d | ||
| 020 | _a070211779 | ||
| 041 | _aEnglish | ||
| 082 | _a346.47 VAN | ||
| 100 |
_aVan der Merwe, DP _lEnglish |
||
| 245 |
_aComputers and The Law / _cDP Van der Merwe |
||
| 260 |
_aCape Town : _bJuta and Company Ltd, _c1986 |
||
| 300 |
_bxvi, 138 pages ; _c23 cm. |
||
| 650 |
_aLegal practice _bLaw |
||
| 942 |
_cBK _6ALISON_BN_VRIES |
||
| 999 |
_c343 _d343 |
||